000 00917nam a2200229 a 4500
001 000023229
005 20200930022056.0
008 101130s1997 ve c r 000 e spa d
020 _a9802228923
040 _aDO-SdBNP
_bspa
_cBNPHU
082 _annnn
_bE98s
100 1 _aEyrich S., Enrique L.,
_d1942-
_947826
245 1 3 _aLa salle en Venezuela /
_cEnrique L. Eyrich S. ; prólogo de Luis Herrera Campíns.
260 _aCaracas :
_bAcademia Nacional de la Historia,
_c1997.
300 _a597, [4] p. :
_bretrs. ;
_c23 cm.
490 1 _aBiblioteca de la Academia Nacional de la Historia
_v175
490 1 _aEstudios, monografías y ensayos
_v175
504 _aIncluye referencias bibliográficas y notas al pie de las páginas.
700 1 _aHerrera Campís, Luis,
_epról.
_947827
830 0 _aBiblioteca de la Academia Nacional de la Historia.
_pEstudios, monografías y ensayos ;
_v175
_916666
049 _aBNGR
999 _c22726
_d22726